000 00637nam a2200241Ia 4500
003 OSt
005 20221005093740.0
006 a|||||r|||| 00| 0
007 ta
008 221004b |||||||| |||| 00| 0 eng d
024 _a50133
037 _cTextual
040 _aCRL
_cCRL
_beng
041 _2eng
_aeng
082 _aSigmav, M7
100 _aManicas Peter T
245 0 _aHistory and philosophy of the social sciences
260 _aOxford
_bBasil Balckwell
_c1987
300 _a345p.
_ccm.
650 _aSOCIAL SCIENCES
942 _hSigmav, M7
_cTEXL
_2cc
999 _c1000881
_d1000881